Länder Südamerikas nach Einwohnerzahl - Statistiken

Allgemein
  • Dieses Quiz wurde 322 mal gespielt
  • Das Durchschnittsergebnis liegt bei 12 aus 13
Antwortstatistiken
Einwohnerzahl Ländername % Korrekt
208.400.000 Brasilien
100%
44.300.000 Argentinien
99%
17.600.000 Chile
98%
49.100.000 Kolumbien
98%
31.200.000 Peru
98%
3.400.000 Uruguay
98%
11.100.000 Bolivien
97%
31.300.000 Venezuela
97%
6.900.000 Paraguay
96%
16.900.000 Ecuador
94%
736.000 Guyana
94%
542.000 Suriname
90%
260.000 Frankreich (Französisch-Guyana)
53%
Keine übereinstimmenden Quizze gefunden
Verteilung der Resultate
Anzahl Personen mit jedem Resultat
Perzentil nach korrekt beantworteten Fragen
Ihre Resultats-Entwicklung
Sie haben dieses Quiz noch nicht gespielt